Southville International School and Colleges
Your cart is empty.
  • Cart
  • Lists
    Public lists Eva Luna New books Lux_list list_1
    Your lists Log in to create your own lists
  • Log in to your account
  • Your cookies
  • Search history
Southville International School and Colleges
  • Advanced search
  • Recent comments
  • Most popular
  • Libraries

Log in to your account

Log in with GOOGLE


If you do not have an external account, but do have a local account, you can still log in:

  1. Home
  2. MARC view: Treasure Island /
Normal view MARC view ISBD view

Treasure Island / (Record no. 368550)

[ view plain ]
MARC details
000 -LEADER
fixed length control field 01128nam a22002897a 4500
003 - CONTROL NUMBER IDENTIFIER
control field 0
005 - DATE AND TIME OF LATEST TRANSACTION
control field 20251111090018.0
008 - FIXED-LENGTH DATA ELEMENTS--GENERAL INFORMATION
fixed length control field 251108b xxu||||| |||| 00| 0 eng d
020 ## - INTERNATIONAL STANDARD BOOK NUMBER
International Standard Book Number 978-0-241-33612-0
050 ## - LIBRARY OF CONGRESS CALL NUMBER
Classification number PE 1128.S818
Item number .T74 2023
100 ## - MAIN ENTRY--PERSONAL NAME
Personal name Pitts, Sorrel
Relator term adapter.
245 ## - TITLE STATEMENT
Title Treasure Island /
Statement of responsibility, etc based on the story by Robert Louis Stevenson ; text adapted by Sorrel Pitts ; illustrated by Sean Hayden.
260 ## - PUBLICATION, DISTRIBUTION, ETC. (IMPRINT)
Place of publication, distribution, etc London :
Name of publisher, distributor, etc Penguin Random House UK,
Date of publication, distribution, etc 2023.
300 ## - PHYSICAL DESCRIPTION
Extent 64 pages :
Other physical details color illustrations ;
Dimensions 23 cm.
490 ## - SERIES STATEMENT
Series statement Ladybird Readers ;
Volume number/sequential designation Level 5
500 ## - GENERAL NOTE
General note Adapted for Ladybird Readers Level 5.
504 ## - BIBLIOGRAPHY, ETC. NOTE
Bibliography, etc Includes illustrations.
650 ## - SUBJECT ADDED ENTRY--TOPICAL TERM
Topical term or geographic name as entry element Treasure Island (Fictitious work)
Form subdivision Adaptations.
650 ## - SUBJECT ADDED ENTRY--TOPICAL TERM
Topical term or geographic name as entry element Pirates
Form subdivision Juvenile fiction.
650 ## - SUBJECT ADDED ENTRY--TOPICAL TERM
Topical term or geographic name as entry element Adventure stories
Form subdivision Juvenile fiction.
650 ## - SUBJECT ADDED ENTRY--TOPICAL TERM
Topical term or geographic name as entry element English language
Form subdivision Study and teaching
-- Juvenile fiction.
700 ## - ADDED ENTRY--PERSONAL NAME
Personal name Stevenson, Robert Louis,
Dates associated with a name 1850-1894,
Relator term original author.
700 ## - ADDED ENTRY--PERSONAL NAME
Personal name Pitts, Sorrel
Relator term series editor.
700 ## - ADDED ENTRY--PERSONAL NAME
Personal name Pitts, Sorrel
Relator term text adaptation.
700 ## - ADDED ENTRY--PERSONAL NAME
Personal name Hayden, Sean
Relator term illustrator.
942 ## - ADDED ENTRY ELEMENTS (KOHA)
Source of classification or shelving scheme Library of Congress Classification
Koha item type Books
Holdings
Withdrawn status Lost status Source of classification or shelving scheme Damaged status Home library Current library Shelving location Date acquired Source of acquisition Sub Shelving location Total Checkouts Full call number Barcode Date last seen Date checked out Price effective from Koha item type
    Library of Congress Classification   Luxembourg Library Luxembourg Library Teachers Reference Section 11/19/2024 Library Fund   1 PE 1128.S818 .T74 2023 21339 11/11/2025 11/11/2025 11/08/2025 Books

Treasure Island /

APA

Pitts S., Stevenson R. L., Pitts S., Pitts S. & Hayden S. (2023). Treasure Island. London: Penguin Random House UK.

Chicago

Pitts Sorrel, Stevenson Robert Louis, Pitts Sorrel, Pitts Sorrel and Hayden Sean. 2023. Treasure Island. London: Penguin Random House UK.

Harvard

Pitts S., Stevenson R. L., Pitts S., Pitts S. and Hayden S. (2023). Treasure Island. London: Penguin Random House UK.

MLA

Pitts Sorrel, Stevenson Robert Louis, Pitts Sorrel, Pitts Sorrel and Hayden Sean. Treasure Island. London: Penguin Random House UK. 2023.

  • Place hold
  • Print
  • Cite
  • Add to your cart (remove)
  • Save record
    BIBTEX Dublin Core MARCXML MARC (non-Unicode/MARC-8) MARC (Unicode/UTF-8) MARC (Unicode/UTF-8, Standard) MODS (XML) RIS
  • More searches
    Search for this title in:
    Other Libraries (WorldCat) Other Databases (Google Scholar) Online Stores (Bookfinder.com) Open Library (openlibrary.org)

Exporting to Dublin Core...

SOUTHVILLE LIBRARY

Southville International School and Colleges Library

1281 Tropical Ave. Cor. Luxembourg St., BF Homes International, Las Pinas City

Tel. No. 8256374 / 252358 Loc. 117/146

Powered by Koha